000 00877nam a22002417a 4500
005 20091028112230.0
008 091028t xxu||||| |||| 00| 0 eng d
010 _aENG-95228
020 _a9780070152700
_c395.00
020 _a0070152705
_c395.00
035 _aEN-78761
037 _bDBAD/PUB
040 _aDPL
082 _a658.8
100 _aPaul, Jessie
245 _aNo money marketing :
_bfrom upstart to big brand on a frugal budget : a practitioner's playbook /
_cby Jessie Paul
260 _aNew Delhi
_bTata McGraw Hill Education
_c2009
300 _axvi, 189p.
_c23cm.(Hb.)
500 _aIncludes index
700 _aNorton, Rob
942 _2ddc
_cEN
_mPAU
_h658.8
999 _c31083
_d31083